Obamova mocenská strategie
Nástup Baracka Obamu na prezidentské kreslo USA a očakávania v obrate americkej zahraničnej politiky. Očakávania v dôslednom presadzovaní multilateralizmu a globálnej spolupráce. Ako sa napĺňa zahraničná politika B. Obamu - spolupráca s Ruskom, podpora vstupu Turecka do Európskej únie, spolupráca s...
Gespeichert in:
| 1. Verfasser: | |
|---|---|
| Format: | Buchkapitel |
| Sprache: | Tschechisch |
| Schlagworte: | |
| Tags: |
Keine Tags, Fügen Sie das erste Tag hinzu!
|
MARC
| LEADER | 00000naa$a2200000$$$4500 | ||
|---|---|---|---|
| 001 | 0097195 | ||
| 005 | 20231016093730.9 | ||
| 041 | 0 | |a cze | |
| 044 | |a CZ | ||
| 245 | 1 | 0 | |a Obamova mocenská strategie |c Ondřej Šlechta |
| 520 | |a Nástup Baracka Obamu na prezidentské kreslo USA a očakávania v obrate americkej zahraničnej politiky. Očakávania v dôslednom presadzovaní multilateralizmu a globálnej spolupráce. Ako sa napĺňa zahraničná politika B. Obamu - spolupráca s Ruskom, podpora vstupu Turecka do Európskej únie, spolupráca s EÚ - na tretej koľaji. Obrat k efektívnemu multilateralizmu nenastal - presadzovanie mocenskej a hegemonistickej stratégie inými, sofistikovanejšími prostriedkami. | ||
| 610 | 2 | 0 | |a politika medzinárodná |
| 610 | 2 | 0 | |a politika zahraničná |
| 610 | 2 | 0 | |a vzťahy medzinárodné |
| 610 | 2 | 0 | |a spolupráca medzinárodná |
| 610 | 2 | 0 | |a sily ozbrojené |
| 610 | 2 | 0 | |a organizácie medzinárodné |
| 610 | 2 | 0 | |a prezidenti |
| 610 | 2 | 0 | |a USA |
| 100 | 1 | |a Šlechta, Ondřej | |